000 00395nam a2200169Ia 4500
003 0STCL
008 150530s9999 xx 000 0 und d
040 _aSTCL
_cSTCL
100 _aPike Bob; Busse Christopher
245 _a101 More Games for Trainers
260 _bAne Books; Delhi
_c1995
300 _a0
546 _aEnglish
942 _2ddc
_cBK
999 _c2824
_d2824
005 20220125165321.0